Metodología para llevar a cabo un plan de separación y reciclaje de desechos sólidos domésticos a nivel comunitario
Gespeichert in:
| 1. Verfasser: | |
|---|---|
| Weitere Verfasser: | |
| Format: | Buch |
| Veröffentlicht: |
San José, Costa Rica
2003
|
| Schlagworte: | |
| Tags: |
Tag hinzufügen
Keine Tags, Fügen Sie den ersten Tag hinzu!
|
MARC
| LEADER | 00000nam a2200000Ia 4500 | ||
|---|---|---|---|
| 003 | 009046 | ||
| 005 | 20240509142832.0 | ||
| 008 | 140114s2003 cr a m |000 ||s d | ||
| 040 | |c cru CEDI | ||
| 090 | |a TFG 4609 | ||
| 100 | |a Rodríguez Román, Luis Hernán, 1978- |9 3017 | ||
| 245 | |a Metodología para llevar a cabo un plan de separación y reciclaje de desechos sólidos domésticos a nivel comunitario | ||
| 260 | |a San José, Costa Rica |c 2003 | ||
| 300 | |a xii, 98 hojas : ilustraciones | ||
| 500 | |a Proyecto de graduación (licenciatura en ingeniería química)--Universidad de Costa Rica. Facultad de Ingeniería. Escuela de Ingeniería Química | ||
| 501 | |a Director de Proyecto de Graduación: Dr. Harry Castillo Valle | ||
| 650 | |x RESIDUOS SOLIDOS |x MANIPULACION |x DISPOSICION DE RESIDUOS |x APROVECHAMIENTO DE RESIDUOS |x PLANIFICACION |x BASURAS Y APROVECHAMIENTO DE BASURAS |x COMPOST |9 7148 | ||
| 700 | |a Castillo Valle, Harry, 1951- |d Director del TFG |9 1846 | ||
| 942 | |c TFG |h TFG 4609 |i 009046 |6 TFG_4609_009046000000000 | ||
| 999 | |c 17840 |d 17840 | ||
